000 00399cam a22001337a 4500
008 180718b1895 xxu||||| |||| 00| 0 eng d
082 _aA99 H279/L444
100 _aLawson, Charles
245 _aThe private life of Warren Hastings
_cby Charles Lawson
260 _aLondon
_bSwan Sonneschein
_c1895
300 _a254p.
650 _aIndia - History - 1600-1857
650 _aHastings, Warren, 1732-1818
999 _c371692
_d371692